Credo. - 6.évf. (1928) 8.sz.
Elmentve itt :
| Dokumentumtípus: | Folyóirat |
|---|---|
| Megjelent: |
1928
|
| Sorozat: | Credo : folyóirat katholikus férfiak számára: a Credo férfiegylet hivatalos lapja
6 No. 8 |
| Online Access: | http://misc.bibl.u-szeged.hu/48485 |
| LEADER | 00502nas a2200133 i 4500 | ||
|---|---|---|---|
| 001 | misc48485 | ||
| 005 | 20200409155014.0 | ||
| 008 | 200409s1928 hu o 0|| zxx d | ||
| 040 | |a SZTE Miscellanea Repozitórium |b hun | ||
| 041 | |a zxx | ||
| 245 | 0 | 0 | |a Credo. - 6.évf. (1928) 8.sz. |h [elektronikus dokumentum] |
| 260 | |c 1928 | ||
| 490 | 0 | |a Credo : folyóirat katholikus férfiak számára: a Credo férfiegylet hivatalos lapja |v 6 No. 8 | |
| 856 | 4 | 0 | |u http://misc.bibl.u-szeged.hu/48485/1/credo_1928_008.pdf |z Dokumentum-elérés |